Statistics for History Containing the Letter X

Click here to take the quiz!

General Stats

  • This quiz has been taken 8,852 times
  • The average score is 13 of 20

Answer Stats

Hint Answer % Correct
Author of "The Communist Manifesto"Karl Marx
97%
Germany, Italy, and Japan in WWIIAxis
91%
Mythical creature sculpted in Giza, Egypt around 2500 B.C.Great Sphinx
87%
Born in Greece, he conquered Persia, and died in BabylonAlexander the Great
85%
The first disease to be completely eradicated, in the late 1970sSmallpox
83%
The biggest news story in the UK in 2016Brexit
79%
Legendary left-handed guitarist who died in London in 1970, age 27Jimi Hendrix
78%
Agatha Christie wrote about a murder on this train line connecting Paris and IstanbulOrient Express
77%
Wilhelm Röntgen discovered this part of the electromagnetic spectrum in 1895X-ray
72%
What the Pope did to Henry VIII in 1538Excommunicate
68%
"No ______ without representation", said the American colonists to King George IIITaxation
61%
Branch of Christianity that split from the Roman Catholics in 1054Eastern Orthodox
61%
The only President of the U.S. whose last name contains an XRichard Nixon
60%
Cruel Roman method of execution used on Spartacus's followersCrucifixion
50%
Formation of spearmen employed by the abovePhalanx
50%
Linen was first made from this plant over 4000 years ago in EgyptFlax
47%
The Marquess of Queensberry endorsed rules for this sport in 1867Boxing
46%
Confederate Civil War song: "The land of cotton / old times there are not forgotten"Dixie
40%
Tapestry that tells the story of the Norman conquest of EnglandBayeux Tapestry
37%
Edison's phonograph recorded sound on a cylinder made of thisWax
28%

Score Distribution

Percentile by Number Answered

Percent of People with Each Score

Your Score History

You have not taken this quiz